01491cam a22002654i 4500003000900000005001700009008004100026035001900067040003300086082002100119100002700140245002400167264003600191300006300227336002100290337002500311338002300336505081600359526000901175526000901184526000801193526000801201526000801209526000801217PE-LiUPU20250731175631.0150625s r 000 0 d a(Sirsi) a30842 aPE-LiUPUbspacPE-LiUPUerda04a470.415bP422211 aPenagos, Luis,eautor.10aGramática latina. 1aSantander :bSal Terrae,c1988. a162 páginas :bil, graficos, cuadros, dibujos ;c21 cm. atext2rdacontent aunmediated2rdamedia avolume2rdacarrier0 aNombres sustantivos. su declinacion. -Adjetivos. -Pronombres. -Nociones generales. -Conjugacion activa. -Conjugacion pasiva. -Verbos en conjugacion. -Verbos irregulares y defectivos. -Preteritos y supinos irregulares. -Adeverbios. -Preposiciones. -Conjunciones. -Interjecciones. Nombre Grecolatinos. -Elementos de la oracion. -Sintaxis Oracional. -La concordancia. -La comparación. -El nominativo. -El acusativo. -El adtivo.-El genitivo. -Lugar tiempo y esspacio. -El ablativo. -Oraciones Enunciativas. -Oraciones volitivas. -Oraciones interrogativas. -Oraciones completivas. -Oraciones circunstanciales. -Oraciones relativas. -Modos nominales del verbo. -Estilo indirecto. -Las letras. Las silabas. -reglas generales. -Reglas particulares. -Reglas de los incrementos. -El pie metrico. -El verso. -La estrofa. aP145 aP127 aP97 aP35 aP14 aP07